000
00364nam a22001217a 4500
040
_c
SK
082
_a
333
100
_a
NA
245
_a
សម្បទានដីសេដ្ឋកិច្ចនៅកម្ពុជាទស្សនៈវិស័យខាងសិទ្ធមនុស្ស
260
_a
Phnom Penh
_b
NA
_c
2007
300
_a
61p.
942
_c
KB
999
_c
9443
_d
9443